| 000 | 00364nam a2200145Ia 4500 | ||
|---|---|---|---|
| 005 | 20250729165739.0 | ||
| 008 | 250729s2014 xx 000 0 und d | ||
| 041 | _aeng | ||
| 082 | _a370.15 HART | ||
| 100 |
_aHarry Dhand _9232027 |
||
| 245 | _aTechniues of teaching | ||
| 260 |
_aNew Delhi _bA P H PUBLISHING _c2014 |
||
| 300 | _a263p | ||
| 650 |
_aEnglish _9232028 |
||
| 999 |
_c239577 _d239577 |
||